000 00689nam a2200181 i 4500
001 40942
003 ES-MaACL
005 20251011063101.0
007 t|
008 030307s1913 sp ||||1| cat d
100 1 _aCarreras i Candi, Francesc,
_d1862-1937
_935674
245 1 3 _aLa Via Layetana substituint als carrers de la Barcelona mitgeval
_b: catalech de la colecció gráfica de la dita via /
_cper Francesch Carreras Candi ; estudi dels egrafiats de Barcelona per Ramón Nonat Comas.
260 _aBarcelona :
_bAlbert Martín,
_c1913.
300 _a270 p. ;
_c28 cm.
700 1 _aNonat Comas, Ramón.
_985937
852 _aES-MaACL
_jT-1478-F-1
999 _c40942
_d40942